[Event "Klaksvik ESNA 3rd"]
[Site "Klaksvik"]
[Date "2018.04.15"]
[Round "3"]
[White "Aloma Vidal, Roberto"]
[Black "Berg, Olaf"]
[Result "1-0"]
[WhiteElo "2440"]
[BlackElo "2235"]
[PlyCount "79"]
[EventDate "2018.04.14"]
[EventType "tourn"]
[EventRounds "9"]
[EventCountry "FAI"]
[SourceTitle "CBM 184 Extra"]
[Source "ChessBase"]
[SourceDate "2018.06.28"]
[SourceVersion "1"]
[SourceVersionDate "2018.06.28"]
[SourceQuality "1"]

1. d4 Nf6 2. c4 e6 3. Nf3 d5 4. g3 Bb4+ 5. Nbd2 c6 6. Bg2 0-0 7. 0-0 Nbd7 8. Qc2 Qe7 9. e4 dxe4 10. Nxe4 h6 11. a3 Ba5 12. Bf4 Nxe4 13. Qxe4 c5 14. b4 cxb4 15. axb4 Bxb4 16. c5 Re8 17. Bd6 Qd8 18. Ne5 a5 19. Nd3 Nf6 20. Qe5 Ra6 21. Nxb4 axb4 22. Rab1 Qa5 23. Rb2 Qb5 24. Rfb1 Ra4 25. Bf1 Qa5 26. Bc7 Qa7 27. Bb5 Ra2 28. Qe2 Ra1 29. Be5 Nd7 30. Rxb4 Qa3 31. Rxa1 Qxa1+ 32. Kg2 Qc3 33. Rb1 f6 34. Bd6 Qxd4 35. Rd1 Qc3 36. Qh5 Rd8 37. Be7 Qb3 38. Qe2 Re8 39. Bxd7 Bxd7 40. Rxd7 1-0

[Event "FAI-chT 1617"]
[Site "Faroe Islands"]
[Date "2017.03.18"]
[Round "10.1"]
[White "Berg, Olaf"]
[Black "Nielsen, Rogvi Egilstoft"]
[Result "1-0"]
[WhiteElo "2320"]
[BlackElo "2342"]
[PlyCount "67"]
[EventDate "2016.10.23"]
[EventType "team-tourn"]
[EventRounds "10"]
[EventCountry "FAI"]
[SourceTitle "EXT 2020"]
[Source "ChessBase"]
[SourceDate "2019.10.17"]
[SourceVersion "1"]
[SourceVersionDate "2019.10.17"]
[SourceQuality "1"]
[WhiteTeam "Havnin"]
[BlackTeam "Sandavagur"]
[WhiteTeamCountry "FAI"]
[BlackTeamCountry "FAI"]

1. d4 f5 2. Nf3 e6 3. c4 d6 4. Nc3 Nf6 5. Qc2 Nc6 6. Bg5 Be7 7. h3 h6 8. Bd2 d5 9. e3 0-0 10. a3 a6 11. cxd5 Nxd5 12. Bc4 Bf6 13. g4 Nce7 14. Ba2 Kh8 15. e4 Nxc3 16. bxc3 Ng8 17. e5 Be7 18. h4 c5 19. Ng5 cxd4 20. gxf5 Rxf5 21. Qxf5 exf5 22. Nf7+ Kh7 23. Nxd8 dxc3 24. Bg5 Bxg5 25. hxg5 Bd7 26. Bxg8+ Kxg8 27. 0-0-0 Ba4 28. gxh6 gxh6 29. Rdg1+ Kf8 30. Rxh6 Ke7 31. Rg7+ Kxd8 32. Rh8+ Be8 33. e6 Rc8 34. Rd7# 1-0